000
00291nam a22001337a 4500
008
170627b xxu||||| |||| 00| 0 eng d
020
_a
9780205782789
041
_a
GER
080
_2
6TH
_a
82
100
_a
21
101
_a
GJL
245
_a
TREFFPUNKT DEUTCH
_c
GONGLEWSKI
942
_2
udc
_c
BK
999
_c
19287
_d
19287